000 00314nam a2200121 a 4500
005 20140414131925.0
008 101027s19uu xx 00 eng d
050 _aER
_bW72 1984
100 _a Gilden, Mel
245 _aWin one for bumblelion.
260 _aRhode Island :
_bHasbro Bradley,
_c1984.
999 _c111939
_d111939